00856nam a22002297a 450000500170000001000150001702000260003203500130005803700130007108200170008410000200010124500980012126000420021927000720026130000260033350000400035970000130039970000240041294200310043699900170046795201420048420140909155245.0 aENG-110776 a9788183876551c995.00 aEN-94308 bDBAD/PUB a305.42095484 aVanajamma, K.H. aSocio-economic dimensions of rural women /cby K.H. Vanajmma , G.Raju [and] G. Sathyanarayana aNew DelhibSerials Publicationsc2014 a4830/24, Prahlad Street, Ansari Road, Darya GanjbNew Delhie110002 aviii,219p. c22cm(Hb) aIncludes bibliographical references aRaju, G. aSathyanarayana, G.  2ddccENh305.42095484mVAN c88401d88401 001040718NFICaDBADbDBADd2014-09-08eDBAD/PUBg995.00l0o305.42095484 VANpEN-94308r2014-09-08 00:00:00t1v995.00w2014-09-08yEN